Die gesprochene deutsche Sprache in audiovisuellen Medien. Weshalb klingen die Dialoge so natürlich? bakalárska práca

Gespeichert in:
Bibliographische Detailangaben
1. Verfasser: Puškárová, Hana
Körperschaft: Fakulta aplikovaných jazykov EU v Bratislave. Katedra jazykovedy a translatológie
Weitere Verfasser: Gašová, Zuzana, 1977-
Format: Buch
Sprache:Deutsch
Veröffentlicht: Bratislava 2024
Tags: Tag hinzufügen
Keine Tags, Fügen Sie das erste Tag hinzu!

MARC

LEADER 00000nbm a2200000 4500
001 0300603
005 20250912101152.2
041 0 |a ger 
044 |a SK 
245 1 0 |a Die gesprochene deutsche Sprache in audiovisuellen Medien. Weshalb klingen die Dialoge so natürlich?  |b bakalárska práca  |c Hana Puškárová ; školiteľ: Zuzana Gašová 
264 1 |a Bratislava  |c 2024 
300 |a 60 s. 
100 1 |a Puškárová, Hana 
700 1 |a Gašová, Zuzana, 1977- 
710 2 |a Fakulta aplikovaných jazykov EU v Bratislave. Katedra jazykovedy a translatológie